| 000 | 01349nam a2200313 i 4500 | ||
|---|---|---|---|
| 001 | 197080 | ||
| 003 | SpMaBN | ||
| 005 | 20250822063244.0 | ||
| 008 | 250330s2024 sp |||||| 000 | spa| | ||
| 017 |
_aM 24836-2024 _bOficina Depósito Legal Madrid |
||
| 020 | _a9788412946642 | ||
| 040 |
_aSpMaBN _bspa _cSpMaBN _erda |
||
| 245 | 1 | 0 |
_aPara no olvidar : _bRelatos y poemas de la vida / _cAsociación cultural "Tierra de Esparto". |
| 260 |
_aMadrid : _bAsociación cultural "Tierra de Esparto, _c2024, _eAutopublicar.es. |
||
| 300 |
_a263 páginas ; _c22 cm. |
||
| 336 |
_aTexto _2rdacontent |
||
| 337 |
_asin mediación _2rdamedia |
||
| 338 |
_avolumen _2rdacarrier |
||
| 655 | 0 |
_9176540 _aAntologías |
|
| 700 | 1 |
_aÁlvarez Sánchez, David _eaut _9241953 |
|
| 700 | 1 |
_aBlanco Rubio, Alberto _eaut _9241954 |
|
| 700 | 1 |
_9176562 _aLópez Expósito, Ana María _eaut |
|
| 852 |
_aES-MaACL _cDEPOJ _jN-10503 _gDedicatoria autógrafa de Ana María López Expósito _hDonación: Asociación "Tierrra de Esparto" _xEncuadernación rústica con solapas _zEn Proceso _9206626 |
||
| 903 |
_9176562 _aLópez Expósito, Ana María _ednr |
||
| 942 |
_cMONOGRAFIA _n0 |
||
| 999 |
_c197080 _d197080 |
||